Financovanie kapitálových obchodných spoločností (vlastné a cudzie zdroje) bakalárska práca

Salvato in:
Dettagli Bibliografici
Autore principale: Závodná, Andrea
Enti autori: Ekonomická univerzita v Bratislave. Národohospodárska fakulta, Univerzita Komenského v Bratislave. Právnická fakulta
Altri autori: Duračinská, Jana
Natura: Libro
Lingua:slovacco
Pubblicazione: Bratislava 2017
Tags: Aggiungi Tag
Nessun Tag, puoi essere il primo ad aggiungerne!!

MARC

LEADER 00000nbm a2200000 4500
001 0235340
005 20180306131743.7
041 0 |a slo 
044 |a SK 
245 1 0 |a Financovanie kapitálových obchodných spoločností (vlastné a cudzie zdroje)  |b bakalárska práca  |c Andrea Závodná ; školiteľ: Jana Duračinská 
264 1 |a Bratislava  |c 2017 
300 |a 52 s. 
100 1 |a Závodná, Andrea 
700 1 |a Duračinská, Jana 
710 2 |a Ekonomická univerzita v Bratislave. Národohospodárska fakulta 
710 2 |a Univerzita Komenského v Bratislave. Právnická fakulta